| 000 | 00543nam a22001937a 4500 | ||
|---|---|---|---|
| 005 | 20240312115146.0 | ||
| 010 | _aENG-139635 | ||
| 020 |
_a9788121619974 _c250.00 |
||
| 035 | _aEN-123167 | ||
| 037 | _bDBAD/PUB | ||
| 082 | _aN | ||
| 100 |
_aSinghal, Sumeet _963110 |
||
| 245 |
_aThe Conspiracy of Silence / _cby Sumeet Singhal [and] Sanjeev Malhotra |
||
| 260 |
_aNoida _bMain Street _c2014 |
||
| 270 |
_aE-14, Sector-11, _bNoida _e201301 |
||
| 300 |
_a268p. _c21cm(pbk) |
||
| 700 |
_aMalhotra,Sanjeev _963090 |
||
| 942 |
_2ddc _cEN _mSIN _hN |
||
| 999 |
_c201395 _d201395 |
||